000 01979nam a2200325 a 4500
001 BRCA_2433
005 20190320203815.0
008 141108s1782----sp-a---###---#000-0#spa-u
041 _aspa
044 _asp
084 _a071
_b.I23
_c1782
100 1 _aCervantes Saavedra, Miguel de
_d1547-1616
_9213
245 1 0 _aEl Ingenioso Hidalgo Don Quixote de la Mancha
_ccompuesto por Miguel de Cervantes Saavedra.
260 _aMadrid
_bJoachin Ibarra
_c1782
300 _a4 v.
_bil.
_c1782
_e1 mapa
500 _aContenido : Primera parte. Licencia de S.M. Prólogo de la Academia. Retrato de Cervantes. Vida de Cervantes. Plan cronológico y pruebas de la vida por V. de los Ríos. Dedicatoria del autor. Prólogo del autor. Versos preliminares. Mapa de una parte de España. Texto. -- v 2. Variantes. Texto. -- v 3. Segunda parte. Los principios de la edición príncipe. Dedicatoria de autor. Prólogo del autor. Texto. -- Segunda parte. Texto
500 _aEdición : Nueva edición corregida por la Real Academia Española
500 _aSegunda edición de la Real Academia Española. Reproducción en tamaño pequeño de la primera, excepto en lo que atañe a los asuntos de las láminas, que se variaron casí todas. El retrato de Cervantes está dibujado por Antonio Carnicero y grabado en cobre por F. Selma. Ejemplar muy maltratado. Encuadernado en piel; lomeras y tapas adornadas con filetes dorados Lúdovik Osterc
500 _aEstado físico : Recuperación física en 2008
500 _aQM56
650 1 4 _aNovela española
_yÉpoca clásica, 1500-1700
_9215
650 1 4 _aLiteratura española
_yÉpoca clásica, 1500-1700
_9216
650 1 4 _aNovela española
_ySiglo XVII
_9217
650 1 4 _aDon Quijote (Personaje ficticio)
_eNovela
_9218
700 1 _aLópez, Tomás
_d1730-1802
_eIlustrador
_97116
700 1 _aRíos, Vicente de los
_d1732-1779
_eBiógrafo
_97117
740 0 _aEl Ingenioso Hidalgo Don Quixote de la Mancha
902 _aQFM
942 _2lcc
_cB
999 _c2174
_d2174